<?xml version="1.0" encoding="UTF-8"?>
<record
    xmlns:xsi="http://www.w3.org/2001/XMLSchema-instance"
    xsi:schemaLocation="http://www.loc.gov/MARC21/slim http://www.loc.gov/standards/marcxml/schema/MARC21slim.xsd"
    xmlns="http://www.loc.gov/MARC21/slim">

  <leader>03085nam a2200349uu 4500</leader>
  <controlfield tag="001">1489829</controlfield>
  <controlfield tag="005">20260508092501.0</controlfield>
  <controlfield tag="007">co|||||||</controlfield>
  <controlfield tag="008">180403s2011                        spa  </controlfield>
  <datafield tag="035" ind1=" " ind2=" ">
    <subfield code="a">1489829</subfield>
  </datafield>
  <datafield tag="040" ind1=" " ind2=" ">
    <subfield code="c">comduadb</subfield>
  </datafield>
  <datafield tag="041" ind1=" " ind2=" ">
    <subfield code="a">spa</subfield>
  </datafield>
  <datafield tag="080" ind1=" " ind2=" ">
    <subfield code="a">WA</subfield>
  </datafield>
  <datafield tag="100" ind1="1" ind2="0">
    <subfield code="a">L&#xF3;pez Calder&#xF3;n, Johan</subfield>
    <subfield code="4">aut</subfield>
    <subfield code="e">aut</subfield>
    <subfield code="9">771092</subfield>
  </datafield>
  <datafield tag="245" ind1="1" ind2="0">
    <subfield code="a">Identificaci&#xF3;n de la situaci&#xF3;n laboral de los instrumentadores quir&#xFA;rgicos egresados de la Universidad de Antioquia, en la ciudad de Medell&#xED;n. Colombia 2011</subfield>
  </datafield>
  <datafield tag="260" ind1=" " ind2=" ">
    <subfield code="a">Medell&#xED;n :</subfield>
    <subfield code="b">Autores (as),</subfield>
    <subfield code="c">2011.</subfield>
  </datafield>
  <datafield tag="300" ind1=" " ind2=" ">
    <subfield code="a">CD-ROM</subfield>
  </datafield>
  <datafield tag="520" ind1="3" ind2=" ">
    <subfield code="a">El actual n&#xFA;mero de egresados que la Universidad de Antioquia ha venido ofreciendo al medio, durante los &#xFA;ltimos 10 a&#xF1;os, y el aumento semestral, permite realizar un estudio del presente para as&#xED; poder diagnosticar si en alg&#xFA;n momento el &#xED;ndice de instrumentadores con respecto a los puestos de trabajo no es equitativo. El hecho que en la bibliograf&#xED;a indagada no se encuentre un estudio similar ni de la asociaci&#xF3;n regional ni de parte de la Universidad, admite llevar a cabo esta investigaci&#xF3;n, como medida para una previa identificaci&#xF3;n de la situaci&#xF3;n laboral de los egresados de la universidad de Antioquia del 2000 al 2010. Mediante la cual se ofrece una herramienta para el mejoramiento administrativo y laboral de la carrera, e igualmente como base para estudios posteriores de los que se necesite un estudio m&#xE1;s profundo y la utilizaci&#xF3;n de mejores instrumentos; este art&#xED;culo deja a disposici&#xF3;n el an&#xE1;lisis y conclusiones a aquellas personas que tengan la posibilidad de trabajar para el continuo mejoramiento y garant&#xED;a de la profesi&#xF3;n. Se realiz&#xF3; un estudio descriptivo de tipo transversal, con el prop&#xF3;sito de diagnosticar en que lugares y bajo tipo de contratos los instrumentadores quir&#xFA;rgicos egresados de la Universidad de Antioquia 2000-2010 laboran, a trav&#xE9;s de encuestas personales y v&#xED;a correo electr&#xF3;nico. En este estudio, se reconoci&#xF3; previamente las cohortes de egresados de la Universidad de Antioquia en su ciclo profesional y sus respectivos pensum, con el objetivo de reconocer la formaci&#xF3;n y el enfoque de cada una. Posterior se recopilo informaci&#xF3;n de cada uno de los egresados, y mediante encuestas enviadas v&#xED;a electr&#xF3;nica y escrita, se les pidi&#xF3; que diligenciaran las preguntas, y luego se recopila la informaci&#xF3;n para su an&#xE1;lisis. Y as&#xED; obtener una dimensi&#xF3;n aproximada con respecto al laburo de nuestra profesi&#xF3;n.</subfield>
  </datafield>
  <datafield tag="610" ind1="2" ind2="7">
    <subfield code="a">Universidad de Antioquia</subfield>
    <subfield code="x">Egresados</subfield>
    <subfield code="2"></subfield>
    <subfield code="9">853518</subfield>
  </datafield>
  <datafield tag="650" ind1=" " ind2="7">
    <subfield code="a">Condiciones de trabajo</subfield>
    <subfield code="2">unescot</subfield>
    <subfield code="9">1398</subfield>
  </datafield>
  <datafield tag="650" ind1=" " ind2=" ">
    <subfield code="a">Instrumentador quir&#xFA;rgico</subfield>
    <subfield code="9">166731</subfield>
  </datafield>
  <datafield tag="650" ind1=" " ind2=" ">
    <subfield code="a">Contrataci&#xF3;n laboral</subfield>
    <subfield code="9">105071</subfield>
  </datafield>
  <datafield tag="650" ind1=" " ind2=" ">
    <subfield code="a">Lugares de trabajo</subfield>
    <subfield code="9">33499</subfield>
  </datafield>
  <datafield tag="650" ind1=" " ind2="7">
    <subfield code="a">Rendimiento laboral</subfield>
    <subfield code="2"></subfield>
    <subfield code="9">218301</subfield>
  </datafield>
  <datafield tag="700" ind1="1" ind2="0">
    <subfield code="a">Tamayo Valencia, Richart</subfield>
    <subfield code="4">aut</subfield>
    <subfield code="e">aut</subfield>
    <subfield code="9">770396</subfield>
  </datafield>
  <datafield tag="700" ind1="1" ind2="0">
    <subfield code="a">Medina Guzm&#xE1;n, Juli&#xE1;n</subfield>
    <subfield code="4">aut</subfield>
    <subfield code="e">aut</subfield>
    <subfield code="9">768818</subfield>
  </datafield>
  <datafield tag="700" ind1="1" ind2="0">
    <subfield code="a">Cardona Solis, Luz Marina</subfield>
    <subfield code="4">ths</subfield>
    <subfield code="e">ths</subfield>
    <subfield code="9">512644</subfield>
  </datafield>
  <datafield tag="700" ind1="1" ind2="0">
    <subfield code="a">Arcila Olmos, Viviana Andrea</subfield>
    <subfield code="4">ths</subfield>
    <subfield code="e">ths</subfield>
    <subfield code="9">544051</subfield>
  </datafield>
  <datafield tag="942" ind1=" " ind2=" ">
    <subfield code="c">TESIS</subfield>
  </datafield>
  <datafield tag="999" ind1=" " ind2=" ">
    <subfield code="c">776494</subfield>
    <subfield code="d">776494</subfield>
  </datafield>
  <datafield tag="502" ind1=" " ind2=" ">
    <subfield code="b">214</subfield>
    <subfield code="c">18</subfield>
  </datafield>
  <datafield tag="526" ind1=" " ind2=" ">
    <subfield code="a">216</subfield>
  </datafield>
  <datafield tag="952" ind1=" " ind2=" ">
    <subfield code="0">0</subfield>
    <subfield code="1">0</subfield>
    <subfield code="4">0</subfield>
    <subfield code="7">0</subfield>
    <subfield code="8">AUDIOVISUA</subfield>
    <subfield code="a">BM</subfield>
    <subfield code="b">BM</subfield>
    <subfield code="d">2018-04-03</subfield>
    <subfield code="e">Material adquirido por donaci&#xF3;n</subfield>
    <subfield code="i">C1281281</subfield>
    <subfield code="l">0</subfield>
    <subfield code="o">WA400 L6-11 CD-ROM</subfield>
    <subfield code="p">61000000141461</subfield>
    <subfield code="r">2023-05-04 00:00:00</subfield>
    <subfield code="t">1</subfield>
    <subfield code="w">2023-05-04</subfield>
    <subfield code="y">DIGITAL</subfield>
  </datafield>
</record>
